00556nam a2200145Ia 4500003000900000008004100009020002600050040001600076100002200092245010800114260003200222300002000254490003300274856010300307IN-BaIIA211028s9999 xx s 000 0 eng d a9780819459510 (Print) cIIA Library aStrba, Anton, ed. 0a14th Slovak-Czech-Polish Optical Conference on Wave and Quantum Aspects of Contemporary Opticsh[eBook] aWashington, USAbSPIEc2005 aOnline resource aProceedings of SPIE; V. 5945 uhttps://www.spiedigitallibrary.org/conference-proceedings-of-spie/5945yClick Here to Access eBook